5HLuxD.jpg

KING HENRY VIII SENIOR AND PRIMARY SCHOOL LIBRARY OPAC

Outcast / (Record no. 925)

000 -LEADER
fixed length control field 01199cam a2200313 a 4500
001 - CONTROL NUMBER
control field 005448212
003 - CONTROL NUMBER IDENTIFIER
control field OSt
005 - DATE AND TIME OF LATEST TRANSACTION
control field 20191227084222.0
008 - FIXED-LENGTH DATA ELEMENTS--GENERAL INFORMATION
fixed length control field 090122r20092008nyua j 000 1 eng d
020 ## - INTERNATIONAL STANDARD BOOK NUMBER
International Standard Book Number 9780060728366 (pbk.) :
020 ## - INTERNATIONAL STANDARD BOOK NUMBER
International Standard Book Number 0060728361 (pbk.)
040 ## - CATALOGING SOURCE
Original cataloging agency NCNU
Language of cataloging eng
Transcribing agency NCNU
Modifying agency NCNU
Description conventions AACR2
042 ## - AUTHENTICATION CODE
Authentication code nbic
082 ## - DEWEY DECIMAL CLASSIFICATION NUMBER
Classification number FIC PAV
100 1# - MAIN ENTRY--PERSONAL NAME
Personal name Paver, Michelle.
Relator term author
245 10 - TITLE STATEMENT
Title Outcast /
Statement of responsibility, etc. Michelle Paver ; [illustrations by Geoff Taylor]
250 ## - EDITION STATEMENT
Edition statement 1st Harper Trophy ed.
260 ## - PUBLICATION, DISTRIBUTION, ETC.
Place of publication, distribution, etc. New York :
Name of publisher, distributor, etc. Katherine Tegen Books/HarperTrophy,
Date of publication, distribution, etc. 2009, c2008.
300 ## - PHYSICAL DESCRIPTION
Extent 319, 14 p. :
Other physical details ill. ;
Dimensions 20 cm.
440 ## - SERIES STATEMENT/ADDED ENTRY--TITLE
Title Chronicles of ancient darkness ;
Number of part/section of a work bk. 4.
500 ## - GENERAL NOTE
General note Originally published: New York : Katherine Tegen Books, c2008. With additional material.
500 ## - GENERAL NOTE
General note "Extras inside"--Cover.
520 ## - SUMMARY, ETC.
Summary, etc. When he is cast out of the Raven clan, Torak heads to the reedbeds at Lake Axehead, where he is hunted by the hidden people and he must do battle with an ancient evil.
650 #1 - SUBJECT ADDED ENTRY--TOPICAL TERM
Topical term or geographic name entry element Prehistoric peoples
Form subdivision Fiction.
650 #1 - SUBJECT ADDED ENTRY--TOPICAL TERM
Topical term or geographic name entry element Demoniac possession
Form subdivision Fiction.
650 #1 - SUBJECT ADDED ENTRY--TOPICAL TERM
Topical term or geographic name entry element Good and evil
Form subdivision Fiction.
700 1# - ADDED ENTRY--PERSONAL NAME
Personal name Taylor, Geoff,
Dates associated with a name 1946-
Relator term ill.
942 ## - ADDED ENTRY ELEMENTS (KOHA)
Source of classification or shelving scheme
Koha item type Books - Fiction
Holdings
Withdrawn status Lost status Source of classification or shelving scheme Damaged status Not for loan Collection code Permanent Location Current Location Shelving location Date acquired Total Checkouts Full call number Barcode Date last seen Date last checked out Price effective from Koha item type
          Fiction KH8 Senior School Library KH8 Senior School Library Fiction 2019-12-27 3 FIC PAV 3KHSL000101680 2022-09-05 2022-05-26 2019-12-27 Books - Fiction

Powered By KH8 IT Dept